00253nam a2200109Ia 4500008004100000100002300041245002800064250000800092260002700100300000800127650000800135191201s2011 xx 000 0 und d aJOSHI,Rakesh mohan 0aInternational Marketing aImp c2011bOxfordaN. delhi a750 aMBA